000 00608nam a2200253Ia 4500
005 20260306145505.0
008 008 260114s9999 xx 000 0 eng d
020 _a9780231561334
037 _aEbook
040 _aCRL
040 _beng
040 _cCRL
041 _2eng
041 _aeng
084 _qCRL
100 _aOsto, D. E.
_91123884
245 0 _aParanormal States
260 _bColumbia University Press
260 _c2024
650 _aTheology and Religion
_91123750
856 _uhttps://www.degruyter.com/isbn/9780231561334
942 _cEBOOK
999 _c1688724
_d1688724